[Event "27th 4NCL Congress"]
[Site "The Old Swan Harrogate"]
[Date "2022.01.23"]
[Round "4.20"]
[White "Winter, Kevin"]
[Black "Fisher, Neal"]
[Result "1/2-1/2"]
[WhiteElo "1774"]
[BlackElo "1700"]
[PlyCount "60"]
[EventDate "2022.01.21"]

1. e4 e5 2. Nf3 Nc6 3. Bc4 h6 4. c3 Nf6 5. d3 Be7 6. Bb3 O-O 7. O-O d5 8. exd5
Nxd5 9. Re1 Bf6 10. Nbd2 Nf4 11. Ne4 Nxd3 12. Re3 Nxc1 13. Rxc1 Qe7 14. Qe2 Bg4
15. h3 Bxf3 16. Rxf3 Bg5 17. Re1 Na5 18. Nxg5 Qxg5 19. Rg3 Qf6 20. Bc2 Qe6 21.
Qxe5 Qxe5 22. Rxe5 b6 23. b4 Nc4 24. Rh5 Kh8 25. Rh4 Nd6 26. Rf4 Rae8 27. Kf1
Re7 28. Re3 Rxe3 29. fxe3 Re8 30. Ke2 f6 1/2-1/2

[Event "27th 4NCL Congress"]
[Site "The Old Swan Harrogate"]
[Date "2022.01.23"]
[Round "4.21"]
[White "Sloan, Cecil"]
[Black "Hall, David G"]
[Result "1/2-1/2"]
[WhiteElo "1707"]
[BlackElo "1844"]
[PlyCount "88"]
[EventDate "2022.01.21"]

1. e4 g6 2. d4 Bg7 3. Nf3 c6 4. Bd3 d5 5. exd5 cxd5 6. c3 Nc6 7. Bf4 Nf6 8.
Nbd2 O-O 9. O-O Nh5 10. Be3 e5 11. dxe5 Nxe5 12. Nxe5 Bxe5 13. Nf3 Bg7 14. Nd4
a6 15. Qd2 Qd6 16. Be2 Nf6 17. Bf3 Ne4 18. Bxe4 dxe4 19. Rad1 Bg4 20. f3 exf3
21. Nxf3 Qxd2 22. Rxd2 Rad8 23. Nd4 Rfe8 24. Kf2 Rd5 25. Nf3 Bxf3 26. gxf3 Red8
27. Rfd1 Rxd2+ 28. Rxd2 Rxd2+ 29. Bxd2 f5 30. Be3 Kf7 31. Ke2 Ke6 32. Kd3 h6
33. Kc4 Kd6 34. Bc5+ Kc6 35. Be3 g5 36. Bd4 Bf8 37. Be5 g4 38. fxg4 fxg4 39.
Kd4 Kd7 40. Kd5 h5 41. Bf6 Bd6 42. Be5 Be7 43. Bf4 Bf6 44. Be5 Be7 1/2-1/2

[Event "27th 4NCL Congress"]
[Site "The Old Swan Harrogate"]
[Date "2022.01.23"]
[Round "4.22"]
[White "Tarbuck, Laurence JM"]
[Black "Echavarria Hidalgo, Fernando"]
[Result "0-1"]
[WhiteElo "1780"]
[BlackElo "1766"]
[PlyCount "70"]
[EventDate "2022.01.21"]

1. d4 Nf6 2. c4 e6 3. Nc3 Bb4 4. Bd2 Nc6 5. e3 O-O 6. Bd3 d5 7. Nf3 Bxc3 8.
Bxc3 dxc4 9. Bxc4 Ne4 10. O-O Nxc3 11. bxc3 Qf6 12. Bb5 Ne7 13. Ne5 c6 14. Bd3
g6 15. a3 Rd8 16. Qc2 c5 17. Rab1 Qg7 18. f4 f6 19. Nf3 Nd5 20.
Rfe1 cxd4 21. cxd4 Qe7 22. Qb3 Rd6 23. Rbc1 Rb6 24. Qa2 Bd7 25. g3 Rc6 26. e4
Nc3 27. Qb3 Rac8 28. Rc2 Rb6 29. Rxc3 Rxb3 30. Rxb3 Ba4 31. Rb4 Rc3 32. Bc4
Rxa3 33. Reb1 b6 34. Kf2 Bc2 35. R1b2 Bxe4 0-1

[Event "27th 4NCL Congress"]
[Site "The Old Swan Harrogate"]
[Date "2022.01.23"]
[Round "4.23"]
[White "Willow, Hambel M"]
[Black "Oliver, Bruce R"]
[Result "1-0"]
[WhiteElo "1784"]
[BlackElo "1703"]
[PlyCount "43"]
[EventDate "2022.01.21"]

1. d4 Nf6 2. c4 e6 3. Nc3 Bb4 4. Qc2 c5 5. Nf3 Nc6 6. e3 b6 7. Bd3 Bb7 8. O-O
Bxc3 9. bxc3 cxd4 10. exd4 O-O 11. Bg5 h6 12. Bh4 Rc8 13. Rfe1 Na5 14. Qe2 d5
15. cxd5 Bxd5 16. Rac1 Nc4 17. Ne5 b5 18. Ng4 g5 19. Nxh6+ Kg7 20. Bxg5 Qc7 21.
Ng4 Nxg4 22. Qxg4 1-0

[Event "27th 4NCL Congress"]
[Site "The Old Swan Harrogate"]
[Date "2022.01.23"]
[Round "5.2"]
[White "Livesey, R Nigel"]
[Black "Mildenhall, John"]
[Result "1/2-1/2"]
[WhiteElo "1851"]
[BlackElo "1976"]
[PlyCount "29"]
[EventDate "2022.01.21"]

1. Nf3 d5 2. b3 Nf6 3. Bb2 e6 4. e3 b6 5. d4 Bd6 6. Nbd2 O-O 7. Bd3 Bb7 8. O-O
Nbd7 9. Ne5 Ne4 10. Nxe4 dxe4 11. Be2 Nxe5 12. dxe5 Be7 13. Qxd8 Rfxd8 14. Rfd1
Kf8 15. Kf1 1/2-1/2

[Event "27th 4NCL Congress"]
[Site "The Old Swan Harrogate"]
[Date "2022.01.23"]
[Round "5.4"]
[White "Fava, Lorenzo"]
[Black "Nwachukwu, Chino"]
[Result "1/2-1/2"]
[WhiteElo "1840"]
[BlackElo "1960"]
[PlyCount "83"]
[EventDate "2022.01.21"]

1. e4 c5 2. Nf3 d6 3. d4 cxd4 4. Nxd4 Nf6 5. Nc3 a6 6. h3 e6 7. g4 Be7 8. Bg2
O-O 9. O-O Qc7 10. Be3 Nc6 11. Kh1 Bd7 12. f4 Rfd8 13. g5 Ne8 14. f5 Ne5 15. h4
b5 16. Bh3 b4 17. fxe6 fxe6 18. Nxe6 Qc4 19. Nd5 Qxe4+ 20. Kh2 Ng6 21. Nxe7+
Kh8 22. Nxg6+ hxg6 23. Nxd8 Bxh3 24. Nf7+ Kg8 25. Kxh3 Qxe3+ 26. Qf3 Qe6+ 27.
Kg2 Rc8 28. Rae1 Rxc2+ 29. Kg1 Qc8 30. Rf2 Rxf2 31. Kxf2 Qc5+ 32. Kg2 Nc7 33.
h5 gxh5 34. Qe4 Kxf7 35. g6+ Kf6 36. Rf1+ Kg5 37. Kh3 a5 38. Rf8 Qd5 39. Qe7+
Kxg6 40. Qxc7 Qh1+ 41. Kg3 Qg1+ 42. Kh3 1/2-1/2

[Event "27th 4NCL Congress"]
[Site "The Old Swan Harrogate"]
[Date "2022.01.23"]
[Round "5.5"]
[White "Macphail, Kieran"]
[Black "Obi, Okwose Marc"]
[Result "1-0"]
[BlackElo "1954"]
[EventDate "2022.01.21"]
[PlyCount "138"]
[WhiteElo "1761"]

1. e4 d6 2. d4 Nf6 3. Nc3 Nbd7 4. Nf3 e5 5. Bc4 Be7 6. O-O h6 7. a4 c6 8. Re1
Qc7 9. Qd3 g5 10. h3 Nf8 11. Ne2 Ng6 12. Ng3 g4 13. hxg4 Bxg4 14. Nf5 h5 15.
Ng5 d5 16. exd5 Nxd5 17. Nxe7 Qxe7 18. Bxd5 cxd5 19. Qb5+ Qd7 20. Qxd7+ Bxd7
21. dxe5 Rc8 22. e6 fxe6 23. Nxe6 Kf7 24. Nd4 Rc4 25. Nb5 Rxc2 26. Nd6+ Kf6 27.
Be3 Rg8 28. Bd4+ Kg5 29. Nf7+ Kf4 30. g3+ Kg4 31. Nh6+ Kh3 32. Nxg8 Bf5 33. Bc3
h4 34. Rac1 hxg3 35. Rxc2 Bxc2 36. fxg3 Kxg3 37. Ne7 Nh4 38. Re3+ Nf3+ 39. Kf1
Bxa4 40. Nxd5 Bb5+ 41. Re2 Ng1 42. Kxg1 Bxe2 43. Bd4 a5 44. Bb6 Bc4 45. Nc3 Kf3
46. Bxa5 Ke3 47. b4 Kd4 48. Na4 Bd5 49. Nb6 Bc6 50. Kf2 Kd3 51. Ke1 Bf3 52. Na8
Kc4 53. Kd2 Be4 54. Ke3 Bh1 55. Nb6+ Kc3 56. Kf4 Kd4 57. Kf5 Bc6 58. Ke6 Bh1
59. Kd6 Bc6 60. Kc7 Bh1 61. Na8 b5 62. Nb6 Bf3 63. Kd6 Kc3 64. Kc5 Kb2 65. Nc4+
Kb3 66. Ne3 Be2 67. Nf5 Ka4 68. Ne3 Kb3 69. Nd5 {Scoresheets differ} Bd3 1-0

[Event "27th 4NCL Congress"]
[Site "The Old Swan Harrogate"]
[Date "2022.01.23"]
[Round "5.6"]
[White "Kane, Robert"]
[Black "Garnett, John S"]
[Result "0-1"]
[WhiteElo "1833"]
[BlackElo "1939"]
[PlyCount "42"]
[EventDate "2022.01.21"]

1. d4 d5 2. Nf3 Nf6 3. e3 c5 4. b3 Nc6 5. Bb2 Bf5 6. Nh4 Bg4 7. f3 Bd7 8. g3 e6
9. Be2 cxd4 10. exd4 Bd6 11. f4 Ne4 12. Nf3 Qa5+ 13. c3 O-O-O 14. O-O h5 15. a4
h4 16. b4 Qc7 17. a5 hxg3 18. b5 gxh2+ 19. Nxh2 Bxf4 20. Rf3 Be3+ 21. Kf1 Qxh2
0-1

[Event "27th 4NCL Congress"]
[Site "The Old Swan Harrogate"]
[Date "2022.01.23"]
[Round "5.7"]
[White "Jones, Neil T"]
[Black "Erskine-Pereira, Jack"]
[Result "0-1"]
[WhiteElo "1929"]
[BlackElo "1846"]
[PlyCount "52"]
[EventDate "2022.01.21"]

1. e4 e6 2. d4 d5 3. Nc3 Nf6 4. e5 Nfd7 5. f4 c5 6. Nf3 Nc6 7. Be3 Be7 8. Qd2
f6 9. exf6 Nxf6 10. Bd3 c4 11. Be2 Bb4 12. Qd1 Qb6 13. O-O Bxc3 14. bxc3 Ne4
15. Bd2 O-O 16. Ng5 Nxd4 17. Kh1 Nxd2 18. Qxd2 Nxe2 19. Qxe2 h6 20. Nh3 Bd7 21.
Rad1 Rf5 22. Rd4 Raf8 23. Rdd1 Qc5 24. Rf3 a5 25. Rdf1 a4 26. Ng1 Qa3 0-1

[Event "27th 4NCL Congress"]
[Site "The Old Swan Harrogate"]
[Date "2022.01.23"]
[Round "5.8"]
[White "Murphy, Ross"]
[Black "McDonnell, James J"]
[Result "0-1"]
[WhiteElo "1702"]
[BlackElo "1920"]
[PlyCount "75"]
[EventDate "2022.01.21"]

1. Nf3 d5 2. g3 c6 3. Bg2 Bf5 4. d3 h6 5. O-O Nf6 6. c3 Nbd7 7. Re1 e6 8. Nbd2
Be7 9. e4 dxe4 10. dxe4 Bg6 11. e5 Nd5 12. Ne4 O-O 13. Qe2 Qc7 14. c4 N5b6 15.
Bf4 Bxe4 16. Qxe4 Rfe8 17. Bf1 Nf8 18. h4 Nbd7 19. a3 a5 20. Nh2 Ng6 21. h5
Nxf4 22. gxf4 f5 23. exf6 Bxf6 24. Ng4 Nf8 25. Nxf6+ gxf6 26. Re3 Re7 27. Rg3+
Rg7 28. Re1 Rxg3+ 29. fxg3 Qb6+ 30. Qe3 Qxe3+ 31. Rxe3 Rd8 32. b3 Kf7 33. Bd3
Ke7 34. Kf2 f5 35. b4 axb4 36. axb4 Nd7 37. Be2 Kf6 38. Kf3 0-1

[Event "27th 4NCL Congress"]
[Site "The Old Swan Harrogate"]
[Date "2022.01.23"]
[Round "5.9"]
[White "O'Gorman, Brendan"]
[Black "Stone, Ian C"]
[Result "1/2-1/2"]
[WhiteElo "1880"]
[BlackElo "1701"]
[PlyCount "53"]
[EventDate "2022.01.21"]

1. c4 Nf6 2. Nc3 e6 3. e4 Nc6 4. d4 Bb4 5. e5 Ne4 6. Qd3 Nxc3 7. bxc3 Be7 8.
Nf3 d6 9. exd6 cxd6 10. Be2 Bf6 11. O-O O-O 12. Nd2 g6 13. Ne4 Bg7 14. Bg5 f6
15. Bh4 Ne7 16. Bg3 Nf5 17. Rab1 Nxg3 18. hxg3 f5 19. Nd2 e5 20. Rfd1 Qc7 21.
Nf1 Be6 22. d5 Bf7 23. Qd2 b6 24. Ne3 Be8 25. Nc2 Ba4 26. Rdc1 Bxc2 27. Qxc2
1/2-1/2

[Event "27th 4NCL Congress"]
[Site "The Old Swan Harrogate"]
[Date "2022.01.23"]
[Round "5.10"]
[White "Cukovs, Oleg"]
[Black "Webb, Nicholas"]
[Result "1-0"]
[WhiteElo "1874"]
[BlackElo "1712"]
[PlyCount "65"]
[EventDate "2022.01.21"]

1. e4 c5 2. c3 e6 3. d4 d5 4. exd5 Qxd5 5. Nf3 Nf6 6. Be2 Nc6 7. O-O Be7 8.
dxc5 Qxd1 9. Rxd1 Bxc5 10. Nbd2 O-O 11. Ng5 a6 12. Nde4 Nxe4 13. Nxe4 Ba7 14.
Nd6 Rb8 15. b3 b5 16. Ba3 b4 17. cxb4 Nxb4 18. Bxb4 Rxb4 19. Nxc8 Rxc8 20. Bxa6
Rcb8 21. Rd7 Bb6 22. Bc4 Bc5 23. Rc1 g6 24. Bxe6 Bxf2+ 25. Kxf2 fxe6 26. Rcc7
Ra8 27. Rg7+ Kf8 28. Rcf7+ Ke8 29. Ra7 Rf4+ 30. Ke3 Rxa7 31. Rxa7 Rh4 32. h3 h5
33. Rg7 1-0

[Event "27th 4NCL Congress"]
[Site "The Old Swan Harrogate"]
[Date "2022.01.23"]
[Round "5.11"]
[White "Cawston, M John"]
[Black "Vijayakumar, Rishi"]
[Result "1/2-1/2"]
[WhiteElo "1857"]
[BlackElo "1692"]
[PlyCount "132"]
[EventDate "2022.01.21"]

1. d4 Nf6 2. c4 e6 3. Nc3 Bb4 4. f3 d5 5. a3 Be7 6. e4 c6 7. e5 Nfd7 8. cxd5
exd5 9. f4 Nf8 10. Nf3 Be6 11. Bd3 g6 12. O-O Nfd7 13. Kh1 a6 14. b4 a5 15. Rb1
axb4 16. axb4 b5 17. Qc2 Na6 18. Na2 Nc7 19. Bd2 Ra3 20. Nc1 Qa8 21. Nb3 Nb6
22. Ra1 Nc4 23. Rxa3 Qxa3 24. Ra1 Qb2 25. Qxb2 Nxb2 26. Bc2 Nc4 27. Bc3 Kd7 28.
Kg1 Ra8 29. Rxa8 Nxa8 30. Kf2 Nab6 31. Nc5+ Bxc5 32. dxc5 Na4 33. Bd4 h6 34.
Ke2 Na3 35. Bd3 Bf5 36. Bxf5+ gxf5 37. Kd3 Nc4 38. Ba1 Ncb2+ 39. Bxb2 Nxb2+ 40.
Ke2 Na4 41. Nd4 Nc3+ 42. Kd3 Na2 43. Nc2 Ke7 44. Ke3 Kf8 45. Kf3 Kg8 46. Kg3
Kh7 47. Kh4 Kg6 48. h3 h5 49. g4 hxg4 50. hxg4 fxg4 51. Kxg4 f5+ 52. Kh4 Kh6
53. Nd4 Nxb4 54. Nxf5+ Kg6 55. Nd4 Nd3 56. f5+ Kf7 57. e6+ Ke8 58. Nb3 {
[%cal Ge8e7]} Ke7 59. Kg5 b4 60. Kg6 Nf4+ 61. Kg5 Ne2 62. Kg4 Kf6 63. Kf3 Nc3
64. Ke3 Ne4 65. Nd4 Nxc5 66. Nxc6 Nxe6 1/2-1/2

[Event "27th 4NCL Congress"]
[Site "The Old Swan Harrogate"]
[Date "2022.01.23"]
[Round "5.12"]
[White "Bielby, Paul R"]
[Black "Carmichael, Ned"]
[Result "1/2-1/2"]
[WhiteElo "1948"]
[BlackElo "1863"]
[PlyCount "40"]
[EventDate "2022.01.21"]

1. e4 c5 2. Nf3 e6 3. c3 d5 4. exd5 Qxd5 5. d4 Nf6 6. Be2 Nc6 7. Be3 cxd4 8.
Bxd4 Nxd4 9. Qxd4 Bc5 10. Bb5+ Ke7 11. Qxd5 Nxd5 12. O-O Rd8 13. Nbd2 a6 14.
Ba4 b5 15. Bc2 Bb7 16. Ne4 Bb6 17. Rad1 Nf6 18. Nfd2 g6 19. Nxf6 Kxf6 20. Be4
Bxe4 1/2-1/2

[Event "27th 4NCL Congress"]
[Site "The Old Swan Harrogate"]
[Date "2022.01.23"]
[Round "5.14"]
[White "Dean, Robert A"]
[Black "Greatorex, Roger"]
[Result "1-0"]
[WhiteElo "1865"]
[BlackElo "1808"]
[PlyCount "27"]
[EventDate "2022.01.21"]

1. e4 e5 2. Nf3 Nc6 3. Bb5 a6 4. Ba4 d6 5. d4 exd4 6. Nxd4 Bd7 7. O-O Nxd4 8.
Bxd7+ Qxd7 9. Qxd4 Nf6 10. Nc3 Be7 11. Re1 O-O 12. h3 Rad8 13. Bg5 Nd5 14. Qxd5
1-0

[Event "27th 4NCL Congress"]
[Site "The Old Swan Harrogate"]
[Date "2022.01.23"]
[Round "5.15"]
[White "Echavarria Hidalgo, Fernando"]
[Black "De Coverly, Roger D"]
[Result "0-1"]
[WhiteElo "1766"]
[BlackElo "1970"]
[PlyCount "120"]
[EventDate "2022.01.21"]

1. e4 e5 2. Nf3 Nc6 3. Bb5 a6 4. Ba4 Nf6 5. O-O Be7 6. Re1 b5 7. Bb3 O-O 8. c3
d5 9. d3 dxe4 10. dxe4 Qxd1 11. Bxd1 Bb7 12. Bg5 h6 13. Bxf6 Bxf6 14. Nbd2 Rad8
15. Nb3 Be7 16. Bc2 a5 17. Rad1 a4 {[%cal Gb3d2]} 18. Nbd2 g6 19. Nf1 Bd6 20.
Ne3 Kg7 21. g3 Ne7 22. Nh4 Bc8 23. Kg2 f5 24. Nf3 f4 25. Nd5 Nxd5 26. Rxd5 c6
27. Rd2 fxg3 28. hxg3 Bg4 29. Nh2 Be6 30. a3 Be7 31. Red1 Rc8 32. f3 Rf7 33.
Rf2 Rcf8 34. Rff1 h5 35. Bd3 Bb3 36. Rd2 Bg5 37. Rdf2 Be3 38. Re2 Bc5 39. Rc1
Rd7 40. Bc2 Bc4 41. Ree1 Rd2+ 42. Kh3 Rfd8 43. g4 hxg4+ 44. Nxg4 Be6 45. Kg3
Bxg4 46. Kxg4 Rh8 47. f4 Rhh2 48. fxe5 Rhg2+ 49. Kh3 Rxc2 50. Rxc2 Rxc2 51. Rd1
Kf7 52. Rd7+ Ke6 53. Rc7 Kxe5 54. Rxc6 Bd6 55. Rb6 Rxb2 56. c4 Rb3+ 57. Kg4
bxc4 58. Rc6 c3 59. Rc4 Bxa3 60. Rxa4 c2 0-1

[Event "27th 4NCL Congress"]
[Site "The Old Swan Harrogate"]
[Date "2022.01.23"]
[Round "5.16"]
[White "Fisher, Neal"]
[Black "McKerracher, Douglas"]
[Result "1/2-1/2"]
[WhiteElo "1700"]
[BlackElo "1875"]
[PlyCount "63"]
[EventDate "2022.01.21"]

1. d4 f5 2. Nf3 Nf6 {[%cal Gc1f4]} 3. Bf4 e6 4. e3 b6 5. c3 Bb7 6. Nbd2 Be7 7.
Ne5 d6 8. Nef3 O-O 9. Bc4 d5 10. Bd3 Ne4 11. Bxe4 fxe4 12. Ne5 Nd7 13. Qg4 Rf5
14. Bh6 Bf8 15. h4 Nxe5 16. dxe5 Qe8 17. h5 Kh8 18. Bf4 Rd8 19. Qh3 c5 20. g4
Rf7 21. g5 Rc7 22. g6 h6 23. O-O d4 24. cxd4 cxd4 25. exd4 Rxd4 26. Nb3 Rd3 27.
Be3 Rd8 28. Nd4 Bd5 29. Rac1 Rdc8 30. Rxc7 Rxc7 31. Rc1 Rxc1+ 32. Bxc1 1/2-1/2

[Event "27th 4NCL Congress"]
[Site "The Old Swan Harrogate"]
[Date "2022.01.23"]
[Round "5.17"]
[White "Vickery, Jim E"]
[Black "Winter, Kevin"]
[Result "1/2-1/2"]
[WhiteElo "1944"]
[BlackElo "1774"]
[PlyCount "31"]
[EventDate "2022.01.21"]

1. d4 Nf6 2. Nf3 g6 3. c4 d6 4. Nc3 Bg7 5. e4 O-O 6. Be2 e5 7. O-O Nc6 8. Be3
Ng4 9. Bg5 f6 10. Bh4 g5 11. Bg3 Nh6 12. d5 Ne7 13. Nd2 f5 14. exf5 Nhxf5 15.
Nde4 h6 16. Bg4 1/2-1/2

[Event "27th 4NCL Congress"]
[Site "The Old Swan Harrogate"]
[Date "2022.01.23"]
[Round "5.18"]
[White "Donahue, Randolph"]
[Black "Sharkey, Gary"]
[Result "1-0"]
[WhiteElo "1810"]
[BlackElo "1763"]
[PlyCount "62"]
[EventDate "2022.01.21"]

1. e4 d5 2. exd5 Nf6 3. Bb5+ Nbd7 4. Nc3 a6 5. Be2 Nb6 6. d4 Nbxd5 7. Nxd5 Nxd5
8. Nf3 g6 9. c3 Bg7 10. O-O O-O 11. Re1 b5 12. Ne5 Bb7 13. Bf3 e6 14. Bd2 Rc8
15. a4 c6 16. Qc1 Qe7 17. Bh6 bxa4 18. Bxg7 Kxg7 19. Ng4 g5 20. Bxd5 cxd5 21.
Qe3 h6 22. Qe5+ f6 23. Qxe6 Qxe6 24. Rxe6 Rce8 25. Rae1 Rxe6 26. Rxe6 Bc8 27.
Re7+ Kg6 28. Ne3 Rd8 29. Kf1 f5 30. Re5 a3 31. bxa3 Bb7 1-0

[Event "27th 4NCL Congress"]
[Site "The Old Swan Harrogate"]
[Date "2022.01.23"]
[Round "5.19"]
[White "Cuthbert, Larissa"]
[Black "Prince, Alan R"]
[Result "0-1"]
[WhiteElo "1495"]
[BlackElo "1725"]
[PlyCount "80"]
[EventDate "2022.01.21"]

1. d4 Nf6 2. c4 g6 3. Nc3 Bg7 4. Bf4 d6 5. e4 Nbd7 6. Nf3 c5 7. d5 a6 8. Qd2
O-O 9. Be2 Ng4 10. h3 Nge5 11. Nxe5 Nxe5 12. h4 h5 13. f3 Bd7 14. Rg1 e6 15.
Bg5 Bf6 16. f4 Bxg5 17. hxg5 Ng4 18. Rh1 e5 19. f5 gxf5 20. Bxg4 hxg4 21. g3
Kg7 22. O-O-O Rh8 23. Rdf1 Kg6 24. Qd3 Qxg5+ 25. Kb1 Rxh1 26. Rxh1 Kg7 27. Qe2
Rh8 28. Rxh8 Kxh8 29. Qh2+ Kg7 30. Qe2 f4 31. gxf4 exf4 32. a3 f3 33. Qf1 Qf4
34. Kc2 g3 35. Ne2 Qxe4+ 36. Kd2 g2 37. Ng3 gxf1=Q 38. Nxf1 Qe2+ 39. Kc1 Bf5
40. Nd2 Qe1# 0-1

[Event "27th 4NCL Congress"]
[Site "The Old Swan Harrogate"]
[Date "2022.01.23"]
[Round "5.20"]
[White "Hall, David G"]
[Black "Willow, Hambel M"]
[Result "0-1"]
[WhiteElo "1844"]
[BlackElo "1784"]
[PlyCount "56"]
[EventDate "2022.01.21"]

1. d4 Nf6 2. Nf3 d5 3. c4 e6 4. Nbd2 Nbd7 5. Qc2 g6 6. g3 Bg7 7. Bg2 O-O 8. O-O
Re8 9. b3 c6 10. Bb2 Qc7 11. h3 b6 12. Rac1 Bb7 13. Rfd1 c5 14. cxd5 exd5 15.
e3 Rac8 16. dxc5 bxc5 17. b4 c4 18. Bd4 a6 19. Nb1 Bc6 20. Nc3 Nb6 21. Ra1 Bd7
22. a4 Bf5 23. Qb2 Nfd7 24. Nxd5 Nxd5 25. Bxg7 c3 26. Qb3 Be6 27. Be5 Nxe5 28.
Nxe5 Nxe3 0-1

[Event "27th 4NCL Congress"]
[Site "The Old Swan Harrogate"]
[Date "2022.01.23"]
[Round "5.21"]
[White "Farahmandpour, Ehsan"]
[Black "Sloan, Cecil"]
[Result "0-1"]
[WhiteElo "1702"]
[BlackElo "1707"]
[PlyCount "56"]
[EventDate "2022.01.21"]

1. d4 Nf6 2. Bf4 c5 3. d5 Qb6 4. Nc3 a6 5. e4 d6 6. Bd2 e5 7. Bd3 Be7 8. f4 Bg4
9. Nf3 Nbd7 10. b3 O-O 11. h3 Bxf3 12. gxf3 Nh5 13. Rg1 c4 14. Rg4 cxd3 15.
cxd3 Ndf6 16. Rg2 Nxf4 17. Bxf4 exf4 18. Kd2 Qe3+ 19. Kc2 Rac8 20. Kb2 Qd4 21.
Qd2 Nh5 22. Rc1 Bf6 23. Rg4 Rc7 24. Rxf4 Nxf4 25. Qxf4 Rxc3 26. Rh1 Rxd3+ 27.
Ka3 Qc5+ 28. Ka4 Rd4+ 0-1

[Event "27th 4NCL Congress"]
[Site "The Old Swan Harrogate"]
[Date "2022.01.23"]
[Round "5.22"]
[White "Oliver, Bruce R"]
[Black "Tarbuck, Laurence JM"]
[Result "1/2-1/2"]
[WhiteElo "1703"]
[BlackElo "1780"]
[PlyCount "31"]
[EventDate "2022.01.21"]

1. Nf3 d5 2. g3 Nf6 3. Bg2 Bf5 4. O-O e6 5. d3 Nbd7 6. Nbd2 Bd6 7. Qe1 Bg6 8.
e4 dxe4 9. dxe4 e5 10. b3 Bb4 11. Nh4 Nc5 12. Nxg6 hxg6 13. Qe2 Qd4 14. Rb1 Bc3
15. Nc4 Qd7 16. Rd1 1/2-1/2

[Event "27th 4NCL Congress"]
[Site "The Old Swan Harrogate, Swan R"]
[Date "2022.01.21"]
[Round "1.1"]
[White "Patterson, Dave"]
[Black "Wright, George A"]
[Result "1-0"]
[WhiteElo "1695"]
[BlackElo "1551"]
[PlyCount "73"]
[EventDate "2022.01.21"]

1. e4 b6 2. d4 Bb7 3. Bd3 e6 4. Nf3 Nf6 5. Qe2 d6 6. h3 Nbd7 7. Bf4 Be7 8. Nbd2
h6 9. e5 Nd5 10. Bg3 a6 11. a3 c5 12. exd6 Bf8 13. Ne5 N5f6 14. Ng6 Rg8 15. Bf5
Ne4 16. Nxe4 Bxe4 17. Bxe4 Rb8 18. O-O cxd4 19. Bd5 Qf6 20. Nxf8 Kxf8 21. Bc6
Rd8 22. b4 g5 23. Rfe1 Kg7 24. Bxd7 Qg6 25. Bc6 Rc8 26. Be4 f5 27. Bd3 Rce8 28.
Be5+ Kf8 29. Rad1 h5 30. Bxa6 h4 31. d7 Rd8 32. Bxd4 g4 33. hxg4 fxg4 34. Qxe6
Qxe6 35. Rxe6 Rxd7 36. Rxb6 Kf7 37. Bc4+ 1-0

[Event "27th 4NCL Congress"]
[Site "The Old Swan Harrogate, Swan R"]
[Date "2022.01.21"]
[Round "1.2"]
[White "Herd, Ewan"]
[Black "Maher, Mike P"]
[Result "0-1"]
[WhiteElo "1542"]
[BlackElo "1692"]
[PlyCount "70"]
[EventDate "2022.01.21"]

1. d4 e6 2. Bf4 f5 3. e3 Nf6 4. Nf3 g6 5. h4 d6 6. Nbd2 Qe7 7. Bd3 Nc6 8. Bg5
h6 9. Bxf6 Qxf6 10. c3 e5 11. dxe5 dxe5 12. e4 f4 13. Qb3 Bd7 14. O-O-O O-O-O
15. Bb5 Bc5 16. Rdf1 Rhe8 17. Ne1 Na5 18. Qa4 Bxb5 19. Qxb5 Qd6 20. Qe2 Bb6 21.
Rh3 Qe6 22. Kb1 Re7 23. Rd3 Red7 24. Rh1 Rxd3 25. Nxd3 Nc4 26. Nxc4 Qxc4 27.
Qg4+ Kb8 28. Nxe5 Qxe4+ 29. Kc1 Qxe5 30. Qxg6 Be3+ 31. Kc2 Rd2+ 32. Kb3 Qb5+
33. Ka3 Qxb2+ 34. Ka4 Qxa2+ 35. Kb4 Rb2# 0-1

[Event "27th 4NCL Congress"]
[Site "The Old Swan Harrogate, Swan R"]
[Date "2022.01.21"]
[Round "1.4"]
[White "Farrow, Ian"]
[Black "Lee, Jordan"]
[Result "0-1"]
[WhiteElo "1531"]
[BlackElo "1683"]
[PlyCount "70"]
[EventDate "2022.01.21"]

1. e4 c6 2. d4 d5 3. e5 Bf5 4. Nf3 e6 5. Be2 c5 6. O-O Nc6 7. c3 cxd4 8. cxd4
Qb6 9. Nc3 Nge7 10. Na4 Qc7 11. Be3 Bg6 12. Rc1 Nf5 13. Bf4 Bh5 14. Bb5 Bxf3
15. gxf3 Be7 16. Rc2 O-O 17. Bxc6 bxc6 18. Qd3 Rfc8 19. Bg3 Qa5 20. Nc3 c5 21.
Nxd5 cxd4 22. Rxc8+ Rxc8 23. Nxe7+ Nxe7 24. Qxd4 Rd8 25. Qc4 Rc8 26. Qb3 Nd5
27. f4 g6 28. f3 Qd2 29. Rf2 Rc1+ 30. Kg2 Nxf4+ 31. Bxf4 Qxf4 32. Qb8+ Kg7 33.
Qd6 Qg5+ 34. Kh3 Rg1 35. Qd4 Qf5+ 0-1

[Event "27th 4NCL Congress"]
[Site "The Old Swan Harrogate, Swan R"]
[Date "2022.01.21"]
[Round "1.6"]
[White "Howe, Daniel"]
[Black "Salisbury, Paul"]
[Result "1/2-1/2"]
[WhiteElo "1512"]
[BlackElo "1662"]
[PlyCount "70"]
[EventDate "2022.01.21"]

1. e4 d6 2. d4 Nf6 3. Nc3 e5 4. dxe5 dxe5 5. Qxd8+ Kxd8 6. Bg5 c6 7. Nf3 Nbd7
8. Rd1 Kc7 9. a3 Bd6 10. b4 Ne8 11. Bc4 f6 12. Be3 b6 13. O-O Nf8 14. b5 Be6
15. Bxe6 Nxe6 16. bxc6 Kxc6 17. a4 N8c7 18. Nb5 Be7 19. c4 Rhd8 20. Rxd8 Nxd8
21. Nc3 Nb7 22. Nd5 Bd6 23. Nh4 Nc5 24. Bxc5 Bxc5 25. Nf5 Ne6 26. Rb1 Rd8 27.
Kf1 Rd7 28. Rd1 Nd4 29. Nfe3 Kb7 30. Nc3 Rd6 31. Ncd5 Ka6 32. Nc3 Ka5 33. Rb1
Ka6 34. Ncd5 Kb7 35. Nc3 Kc6 1/2-1/2

[Event "27th 4NCL Congress"]
[Site "The Old Swan Harrogate, Swan R"]
[Date "2022.01.21"]
[Round "1.7"]
[White "Merry, John D"]
[Black "Horspool, Ben"]
[Result "0-1"]
[WhiteElo "1660"]
[BlackElo "1478"]
[PlyCount "85"]
[EventDate "2022.01.21"]

1. e4 e5 2. Nf3 Nc6 3. Bb5 a6 4. Ba4 b5 5. Bb3 Be7 6. O-O Nf6 7. Re1 d6 8. h3
O-O 9. c3 h6 10. d4 Re8 11. Nbd2 Bf8 12. d5 Nb8 13. a4 Bb7 14. Nf1 Nbd7 15. Ng3
g6 16. Be3 Kh7 17. Qd2 Qe7 18. c4 c6 19. Qb4 c5 20. Qd2 b4 21. a5 Bg7 22. Ba4
Rf8 23. Qd1 Bc8 24. Bc6 Ra7 25. Qc2 Nb8 26. Ba4 Qc7 27. Bb3 Ng8 28. Qd2 Qd8 29.
Qc2 Nd7 30. Nh2 Ndf6 31. Nf3 Ne8 32. Nh2 Ne7 33. f4 f5 34. Qd2 g5 35. Nh5 exf4
36. Nxf4 gxf4 37. Bxf4 fxe4 38. Bc2 Ng6 39. Be3 Qg5 40. Bf2 Qf6 41. Bxe4 Qxb2
42. Qd3 Be5 43. Qg3 0-1

[Event "27th 4NCL Congress"]
[Site "The Old Swan Harrogate, Swan R"]
[Date "2022.01.21"]
[Round "1.8"]
[White "Goodwin, Theo"]
[Black "Oliver, Peter J R"]
[Result "0-1"]
[WhiteElo "1467"]
[BlackElo "1659"]
[PlyCount "58"]
[EventDate "2022.01.21"]

1. e4 d6 2. Nf3 Nf6 3. Nc3 g6 4. d4 Bg7 5. Bc4 O-O 6. O-O Nbd7 7. Be3 e5 8. d5
Ne8 9. Qd2 f5 10. Bh6 f4 11. Bxg7 Nxg7 12. h4 Nf6 13. Ng5 Kh8 14. g3 Nfh5 15.
Ne2 f3 16. Nc3 Bg4 17. Qe3 c6 18. dxc6 bxc6 19. Nf7+ Rxf7 20. Bxf7 Qd7 21. Bc4
Rf8 22. Rfd1 Bh3 23. Bf1 Bg4 24. Kh2 Ne6 25. Bh3 Bxh3 26. Rxd6 Qxd6 27. Kxh3
Nd4 28. Rd1 Qe6+ 29. Kh2 Nf6 0-1

[Event "27th 4NCL Congress"]
[Site "The Old Swan Harrogate, Swan R"]
[Date "2022.01.21"]
[Round "1.9"]
[White "Webster, Vivien"]
[Black "Scorer, David M"]
[Result "1-0"]
[WhiteElo "1656"]
[BlackElo "1443"]
[PlyCount "93"]
[EventDate "2022.01.21"]

1. e4 c6 2. Nf3 d5 3. exd5 cxd5 4. c3 Bg4 5. h3 Bxf3 6. Qxf3 Nf6 7. d4 e6 8.
Bd3 Be7 9. O-O O-O 10. Bg5 Nbd7 11. Nd2 Rc8 12. Rfe1 a6 13. Qe2 Qb6 14. Nf3
Rfe8 15. Be3 Qc7 16. Rac1 Qb8 17. Bg5 h6 18. Bh4 Bd6 19. Bxf6 Nxf6 20. Ne5 Bxe5
21. dxe5 Nd7 22. f4 Nf8 23. Qh5 Qc7 24. Kh1 Qc5 25. Rc2 b5 26. Rce2 d4 27. cxd4
Qxd4 28. Qf3 Rc2 29. b3 Rec8 30. Rd1 Ng6 31. f5 exf5 32. Qxf5 Rf8 33. Red2 Qxe5
34. Qxe5 Nxe5 35. Bf5 Rxd2 36. Rxd2 Rb8 37. Rd6 a5 38. Ra6 g5 39. Be4 a4 40.
bxa4 bxa4 41. Rxa4 Rb2 42. Bd5 Rb1+ 43. Kh2 Kg7 44. Ra6 Ra1 45. a4 f5 46. Ra7+
Kf6 47. a5 1-0